Countries and Capitals without Identical Letters - Statistics

General Stats
  • This quiz has been taken 82 times
    32 since last reset
  • The average score is 13 of 16
Answer Stats
% Correct
Fiji
91%
Montevideo
91%
Peru
91%
Uruguay
91%
Lima
87%
Bolivia
83%
Sucre
83%
Suva
83%
Cairo
78%
Egypt
78%
Italy
78%
Rome
78%
Japan
70%
Tokyo
70%
Liechtenstein
52%
Vaduz
52%
No matching quizzes found
Score Distribution
Percent of People with Each Score
Percentile by Number Answered
Your Score History
You have not taken this quiz since the last reset